| 000 | 00412nam a22001337a 4500 | ||
|---|---|---|---|
| 082 |
_aCP-17 _bAsst Prof Abdul Waheed |
||
| 100 |
_aAsst Prof Abdul Waheed _948243 |
||
| 245 |
_aCE-324 Soil-II OD-78/CED-79 _cAsst Prof Abdul Waheed |
||
| 260 |
_aMCE _bAsst Prof Abdul Waheed _cFall-Semester 2014 OD-78/CED-79 |
||
| 300 |
_bHard Folder _c35 CM |
||
| 526 |
_a0 _b0 _c0 _dCP_21 |
||
| 650 | _aCourse Pack | ||
| 942 |
_2ddc _cBK |
||
| 999 |
_c553612 _d553612 |
||